000 00494nam a2200193Ia 4500
003 OSt
005 20230418162138.0
008 210423s2008 xx 000 0 und d
040 _cAL
041 _akan
082 _a361.6K
_223
_bSKOU
100 _aSchool of social work, Roshani Nilaya
_990196
245 _aUttama alvike
260 _aMangalore
_bSchool of Social Work
_c2008
300 _a263
_bPB
650 _aSocial Problems
_990197
906 _aaalvike ; Uttama
942 _2ddc
_cBK
999 _c170076
_d170076